Wszystkie nazwy pociągów PKP Intercity 2026 - Statystyki

Ogólne statystyki
  • Ten quiz został rozwiązany 529 razy
  • Średni wynik to 44 z 216
Statystyki odpowiedzi
Kategoria Nazwa % Poprawnych
IC Przemyślanin
50%
EIC Tatry
50%
EIC Chrobry
48%
IC Mickiewicz
48%
EIC Berlin-Warszawa-Express
46%
IC Odra
43%
IC Baltic Express
42%
IC Słowacki
41%
IC Sobieski
41%
IC Sudety
41%
EIC Lech
40%
IC Mieszko
40%
IC Matejko
39%
TLK Karpaty
38%
IC Ślązak
38%
IC Zielonogórzanin
38%
TLK Biebrza
37%
EIC Bolesław Prus| Błekitna Fala
37%
IC Lubomirski
37%
IC Orzeszkowa
36%
IC Chopin
35%
IC Podhalanin
35%
IC Silesia
35%
TLK Małopolska
34%
IC Mazury
34%
EIC Panorama
33%
IC Pomorzanin
33%
IC Uznam
33%
IC Wawel
33%
EIC Jantar
32%
EIC Ślęża
32%
IC Ursa
32%
IC Hańcza
31%
IC Marszałek Piłsudski
31%
IC Nałkowska
31%
IC Podlasiak
31%
IC Batory
30%
IC Porta Moravica
30%
IC San
30%
IC Karkonosze
29%
IC Malczewski
29%
IC Mehoffer
29%
IC Pobrzeże
29%
IC Warta
29%
IC Bałtyk
28%
TLK Bory Tucholskie
28%
TLK Flisak
28%
IC Galicja
28%
IC Konopnicka
28%
IC Rybak
28%
IC Artus
27%
IC Bieszczady
27%
IC Górski
27%
IC Mamry
27%
IC Śnieżka
27%
IC Wybrzeże
27%
IC Chełmoński
26%
EIC Kaszub
26%
IC Kopernik
26%
IC Sienkiewicz
26%
TLK Spodek
26%
IC Via Regia
26%
IC Warmia
26%
IC Wyspiański
26%
EIC Morskie Oko
25%
IC Wyczólkowski
25%
TLK Wydmy
25%
IC Heweliusz
24%
IC Narew
24%
EIC Ondraszek
24%
TLK Osterwa
24%
IC Wigry
24%
IC Halny
23%
IC Hutnik
23%
IC Kormoran
23%
IC Kossak
23%
IC Koziołek
23%
IC Lubuszanin
23%
IC Polonia
23%
IC Saxonia
23%
EIC Viadrina
23%
IC Zamoyski
23%
IC Zefir
23%
IC Bocian
22%
IC Fałat
22%
IC Jagiełło
22%
IC Łużyce
22%
IC Zosia
22%
IC Fredro
21%
IC Gwarek
21%
IC Kazimierz
21%
IC Szkuner
21%
IC Żubr
21%
IC Brda
20%
IC Dąbrowska
20%
IC Gedania
20%
TLK Pirat
20%
EIC Posejdon
20%
IC Wisłok
20%
IC Albatros
19%
IC Asnyk
19%
IC Beskidy
19%
IC Daszyński
19%
IC Kinga
19%
IC Nida
19%
IC Reymont
19%
IC Ustronie
19%
IC Witkacy
19%
EIC Wysocki
19%
IC Bryza
18%
IC Danubius
18%
EIC Fregata
18%
IC Jadwiga
18%
TLK Kozica
18%
IC Kujawiak
18%
IC Pilecki
18%
IC Rejewski
18%
IC Włókniarz
18%
TLK Wolin
18%
IC Żeglarz
18%
IC Baczyński
17%
IC Barbakan
17%
IC Chemik
17%
IC Gryf
17%
IC Inka
17%
IC Kochanowski
17%
IC Korfanty
17%
IC Malinowski
17%
IC Podlasie
17%
IC Siemiradzki
17%
IC Sukiennice
17%
IC Żeromski
17%
IC Bolko
16%
IC Bystrzyca
16%
IC Hetman
16%
IC Jeziorak
16%
IC Leśmian
16%
IC Moravia
16%
IC Niegocin
16%
IC Noteć
16%
IC Oleńka
16%
IC Stańczyk
16%
IC Tuwim
16%
IC Witos
16%
IC Żuławy
16%
IC Bachus
15%
IC Doker
15%
IC Gałczyński
15%
IC Grottger
15%
IC Katamaran
15%
IC Kyiv Express
15%
IC Morcinek
15%
TLK Pułaski
15%
IC Staszic
15%
IC Stoczniowiec
15%
IC Swarożyc
15%
IC Szczeliniec
15%
IC Kolberg
14%
IC Korczak
14%
IC Krasiński
14%
IC Skarbek
14%
IC Smok Wawelski
14%
IC Bosman
13%
IC Cracovia
13%
IC Drwęca
13%
IC Starzyński
13%
IC Ukiel
13%
IC Wybicki
13%
IC Carpatia
12%
IC Lazur
12%
IC Planty
12%
IC Słowiniec
12%
IC Strzelecki
12%
IC Sztygar
12%
IC Zamenhof
12%
TLK Bursztyn
11%
IC Cegielski
11%
IC Kociewie
11%
TLK Korsarz
11%
IC Orłowicz
11%
IC Parsęta
11%
IC Pojezierze
11%
IC Prząśniczka
11%
IC Baltazar
10%
IC Comenius
10%
TLK Gardno
10%
IC Jagna
10%
IC Karłowicz
10%
TL:K Krajna
10%
IC Lednica
10%
IC Łempicka
10%
IC Merkury
10%
IC Czechowicz
9%
IC Kraszewski
9%
IC Kuter
9%
IC Łokietek
9%
IC Niemcewicz
9%
IC Porazińska
9%
IC Prater
9%
IC Telimena
9%
IC Wetlina
9%
IC Kiliński
8%
TLK Sarbsko
8%
IC Delfin
7%
IC Jaćwing
7%
IC Laguna
7%
IC Olza
7%
IC Skaryna
7%
IC Uszatek
7%
IC Błatnia
6%
IC Dębowiec
6%
IC Kasztelan
6%
IC Łysica
5%
IC Radziwiłł
5%
IC Stryjeńska
3%
IC Żylica
3%
Nie znaleziono quizów pasujących do podanych kryteriów
Rozkład punktacji
Procent ludzi z każdym wynikiem
Percentyl według liczby udzielonych odpowiedzi
Twoja historia wyników
Nie rozwiązałeś tego quizu